Phineas and Ferb characters - Statistics

General Stats
  • This quiz has been taken 215 times
  • The average score is 11 of 15
Answer Stats
Answer % Correct
Phineas
100%
Ferb
99%
Perry
92%
Candace
84%
Isabella
83%
Baljeet
76%
Buford
75%
Jeremy
69%
Doofenshmirtz
65%
Linda
61%
Stacy
61%
Carl
54%
Vanessa
54%
Monogram
52%
Lawrence
49%
No matching quizzes found
Score Distribution
Percent of People with Each Score
Percentile by Number Answered
Your Score History
You have not taken this quiz